Countries Along the Equator - Statistics

General Stats
  • This quiz has been taken 22 times
    14 since last reset
  • The average score is 10 of 13
Answer Stats
Countries % Correct
Brazil
92%
Kenya
92%
Uganda
92%
Democratic Republicof the Congo
85%
Ecuador
85%
Gabon
85%
Indonesia
85%
Colombia
77%
Republic ofthe Congo
77%
Kiribati
69%
Maldives
62%
Sao Tome andPrincipe
62%
Somalia
62%
No matching quizzes found
Score Distribution
Percent of People with Each Score
Percentile by Number Answered
Your Score History
You have not taken this quiz since the last reset